000
00255nam a2200109Ia 4500
005
20251222141807.0
008
251222s9999||||xx |||||||||||||| ||spa||
082
_a
332.153 A42
245
0
_a
Ajuste Estructural y Desarrollo:
264
_b
ALIDE
942
_c
LIB
999
_c
6343
_d
6343